000 00946cam a2200265 a 4500
999 _c130091
_d130091
001 4270629
003 ARRUPE
005 20191127115100.0
008 840824s1983 sw a b 000 0 eng
010 _a 84205153
020 _a288116000X (pbk.) :
_c$12.00 (U.S.)
040 _aDLC
_cDLC
_dDLC
043 _ad------
050 0 0 _aHQ1240.5.D44
_bW663 1983
082 0 0 _a305.4
_219
245 0 0 _aWomen in development :
_ba resource guide for organization and action /
_cISIS Women's International Information and Communication Service.
260 _aGeneva, Switzerland :
_bISIS,
_cc1983.
300 _a225 p. :
_bill. ;
_c30 cm.
504 _aIncludes bibliographies.
650 0 _aWomen in development
_zDeveloping countries.
_946193
650 0 _aWomen in development
_zDeveloping countries
_xBibliography.
_948851
710 2 _aISIS (Organization)
_948852
906 _a7
_bcbc
_corignew
_d2
_encip
_f19
_gy-gencatlg
942 _2lcc
_cMONOGRAPH